000 00299nam a22001217a 4500
041 _aENG
100 _a65.060.10
245 _aAgricultural Tractors - Axle Power Determination - Test Procedurs
260 _aNew Delhi
_bBIS
_c1996
300 _a6
650 _aBIS Test Code
856 _uBIS Test Code
999 _c2014
_d2014